000 00726nam a2200169 a 4500
008 150617s2013 ||||||||||||||||| || u
020 _a9781444759587
050 _aPR 6056.A52I86
100 _aFairbairns, Judy
245 1 0 _aIsland wife: living on the edge of the wild
_cby Judy Fairbairns
260 _aLondon:
_bHodder and Stoughton
_c2013
300 _axii, 352p.
350 _a77.73
650 _aENGLISH LANGUAGE
995 _aFICTION Collection
_e903138
_FCBU-SCHOOL OF MEDICINE LIBRARY (Ndola)
_I77.73
_jPR 6056.A52I86
_M2
_UAVAILABLE
_WOct 12, 2015
_y903138
_ZFiction Collection
995 _aFICTION Collection
_e745603
_FCBU-MAIN LIBRARY (Kitwe)
_I77.73
_jPR 6056.A52I86
_M1
_UAVAILABLE
_WOct 12, 2015
_y745603
_ZFiction Collection
999 _c64224
_d64224